00352nam a22001097a 450000500170000000800410001704000060005810000210006424500590008526000370014450000610018120180806163330.0180806b ||||| |||| 00| 0 eng d c  aIndia. Lok Sabha aCommittee on Government Assurances, Lok Sabha, Reports aNew DelhibLok Sabha Secretariat aLibrary has 1 2-4), 2 (1), 3 (2), 4 (2-10) 5 (1-3, 5-10)